| 000 | 01346ncm a2200349 a 4500 | ||
|---|---|---|---|
| 003 | BLK | ||
| 005 | 20230825164749.0 | ||
| 007 | qu | ||
| 008 | 200324b bu ||||| |||| 00| 0 bu d | ||
| 040 | _aBLK | ||
| 041 |
_aBUL _cBUL |
||
| 080 |
_aКларинет. Етюди, гами, учебна литература _b788.6.087.5 _z788.6.087.5 |
||
| 100 |
_9389208 _aДимитров, Сава _eпърви автор |
||
| 139 |
_aДимитров, Сава _bД 58 |
||
| 245 |
_aШкола за кларинет _bНотирана музика _cСава Димитров, Димитър Савов ; ред. Здравко Манолов |
||
| 250 | _a2 изд. | ||
| 260 |
_9209430 _aСофия _bМузика _c1987 |
||
| 300 |
_a200 с. _c34 см _bс ноти |
||
| 380 | _a7 | ||
| 650 | 0 |
_9353811 _aКларинет - етюди, гами |
|
| 653 | 7 |
_9200852 _aшколи |
|
| 653 | 7 |
_9188643 _aкларинети |
|
| 700 |
_9389208 _aДимитров, Сава _eпърви автор |
||
| 700 |
_aСавов, Димитър _eсъавт. _91445 |
||
| 700 |
_91311 _aМанолов, Здравко Христов _eред. |
||
| 852 | _aЦб М ІІ 10438 | ||
| 942 |
_cNOT _n0 _s1 |
||
| 944 |
_aCR _c2020-04-10 _lНора Радева _k30545 |
||
| 999 |
_c353215 _d353215 |
||
| 999 | _d353215 | ||
| 999 | _d353215 | ||
| 999 | _d349376 | ||